Has Johnny Cash been there, Man? Sudden Death - Statistics

General Stats
  • This quiz has been taken 208 times
  • The average score is 7 of 19
Answers on the Grid
Answers color-coded by a green-red scale on the quiz's grid according to % correct below.
Reno
Chicago
Sarasota
Punjab
Wichita
Bentonville
Baltimore
Syracuse
Black Rock
Little Rock
Waco
Vallejo
Nashville
Knoxville
Jeffersonville
Indianapolis
Fond du Lac
Oshkosh
Cadillac
Duluth
Vermouth
Idaho
Jellico
Honolulu
Waterloo
Kalamazoo
Purdue
Kansas City
Sioux City
Cedar City
Dodge City
Garden City
 
Answer Stats
Answer % Correct
Reno
80%
Chicago
66%
Wichita
55%
Little Rock
49%
Sarasota
48%
Nashville
43%
Black Rock
35%
Sioux City
34%
Kansas City
33%
Baltimore
31%
Knoxville
30%
Dodge City
29%
Kalamazoo
24%
Waterloo
23%
Cedar City
21%
Fond du Lac
21%
Idaho
21%
Cadillac
19%
Jellico
16%
No matching quizzes found
Score Distribution
Percent of People with Each Score
Percentile by Number Answered
Your Score History
You have not taken this quiz